Oracle Database 10g Linux Administration (Record no. 27182)
[ view plain ]
| 000 -LEADER | |
|---|---|
| fixed length control field | 00351nam a2200157Ia 4500 |
| 082 ## - DEWEY DECIMAL CLASSIFICATION NUMBER | |
| Classification number | 005.133O/WHA |
| Item number | WHA |
| 100 ## - MAIN ENTRY--PERSONAL NAME | |
| Personal name | Whalen/Edward |
| 245 ## - TITLE STATEMENT | |
| Title | Oracle Database 10g Linux Administration |
| 260 ## - PUBLICATION, DISTRIBUTION, ETC. | |
| Name of publisher, distributor, etc. | Oracle Press |
| Place of publication, distribution, etc. | New Delhi |
| Date of publication, distribution, etc. | 2005 |
| 366 ## - TRADE AVAILABILITY INFORMATION | |
| Publishers's discount category | 15 |
| 300 ## - PHYSICAL DESCRIPTION | |
| Extent | 465 |
| 546 ## - LANGUAGE NOTE | |
| Language note | ENGLISH |
| 650 ## - SUBJECT ADDED ENTRY--TOPICAL TERM | |
| Topical term or geographic name entry element | Oracle |
| 654 ## - SUBJECT ADDED ENTRY--FACETED TOPICAL TERMS | |
| Focus term | oracle |
| 942 ## - ADDED ENTRY ELEMENTS (KOHA) | |
| Koha item type | BOOK |
| Withdrawn status | Lost status | Damaged status | Not for loan | Collection | Home library | Current library | Shelving location | Date acquired | Source of acquisition | Cost, normal purchase price | Total Checkouts | Full call number | Barcode | Date last seen | Date last checked out | Cost, replacement price | Price effective from | Koha item type | Date due |
|---|---|---|---|---|---|---|---|---|---|---|---|---|---|---|---|---|---|---|---|
| CRC | Fr. Agnel's C.Rodrigues College of Engineering | AGNEL TECHNICAL COLLEGE LIBRARY | 17/03/2023 | Unique Book Distributors | 480.00 | 1 | 005.133O/WHA WHA | 16673 | 21/11/2025 | 07/11/2025 | 495.00 | BOOK | |||||||
| CRC | Fr. Agnel's C.Rodrigues College of Engineering | Fr. Agnel's C.Rodrigues- College of Engineering | 17/03/2023 | Unique Book Distributors | 480.00 | 1 | 005.133O/WHA WHA | 16674 | 12/06/2023 | 12/06/2023 | 495.00 | BOOK | 29/12/2012 |